A Salamander's life / (Record no. 5887)

MARC details
000 -LEADER
fixed length control field 00974nam a22003017a 4500
001 - CONTROL NUMBER
control field 5887
003 - CONTROL NUMBER IDENTIFIER
control field FISKH
005 - DATE AND TIME OF LATEST TRANSACTION
control field 20250428121323.0
008 - FIXED-LENGTH DATA ELEMENTS--GENERAL INFORMATION
fixed length control field 250130b cb ||||| |||| 00| 0 eng d
020 ## - INTERNATIONAL STANDARD BOOK NUMBER
International Standard Book Number 9780516263557
040 ## - CATALOGING SOURCE
Original cataloging agency FISKH
Language of cataloging eng
Transcribing agency FISKH
Modifying agency FISKH
050 ## - LIBRARY OF CONGRESS CALL NUMBER
Classification number QL668.C2 H56
082 ## - DEWEY DECIMAL CLASSIFICATION NUMBER
Classification number 597.8
100 ## - MAIN ENTRY--PERSONAL NAME
Personal name Himmelman, John
Dates associated with a name (1959-)
245 ## - TITLE STATEMENT
Title A Salamander's life /
Statement of responsibility, etc. Written and Illustrated by John Himmelman
250 ## - EDITION STATEMENT
Edition statement This edition published in 1998
260 ## - PUBLICATION, DISTRIBUTION, ETC.
Place of publication, distribution, etc. Canada :
Name of publisher, distributor, etc. Children Press,
Date of publication, distribution, etc. 1998.
300 ## - PHYSICAL DESCRIPTION
Extent 30 pages :
Other physical details color illustrations ;
Dimensions 21 cm
505 ## - FORMATTED CONTENTS NOTE
Formatted contents note G<br/>
520 ## - SUMMARY, ETC.
Summary, etc. Illustrations and simple text follow a salamander through its life cycle, from larva in a pond through winter hibernation to spring mating.
521 8# - TARGET AUDIENCE NOTE
Target audience note 380<br/>
Source Lexile<br/>
521 8# - TARGET AUDIENCE NOTE
Target audience note G<br/>
Source Raz-Plus<br/>
650 ## - SUBJECT ADDED ENTRY--TOPICAL TERM
Source of heading or term Life cycles
Topical term or geographic name entry element Salamanders
650 ## - SUBJECT ADDED ENTRY--TOPICAL TERM
Source of heading or term Nature
Topical term or geographic name entry element Animals
700 ## - ADDED ENTRY--PERSONAL NAME
Personal name Himmelman, John
Dates associated with a name illustrator
942 ## - ADDED ENTRY ELEMENTS (KOHA)
Source of classification or shelving scheme Dewey Decimal Classification
Koha item type Books
Suppress in OPAC No
Holdings
Withdrawn status Lost status Source of classification or shelving scheme Damaged status Not for loan Collection Home library Current library Shelving location Date acquired Total Checkouts Full call number Barcode Date last seen Date last checked out Copy number Price effective from Koha item type
    Dewey Decimal Classification     Juvenile Fiction Footprints International School Library Network Toul Kork Campus Footprints International School Library Network Toul Kork Campus TK Primary Library Room(4th Floor), Bookcase 1&2, Shelves 1-16, Dark Blue Books 01/30/2025 1 HIM 597.8 QL668.C2 H56 2025-0109 05/21/2025 05/07/2025 1 01/30/2025 Books
    Dewey Decimal Classification     Juvenile Fiction Footprints International School Library Network Toul Kork Campus Footprints International School Library Network Toul Kork Campus TK Primary Library Room(4th Floor), Bookcase 1&2, Shelves 1-16, Dark Blue Books 04/28/2025   HIM 597.8 QL668.C2 H56 FISTK02094 04/28/2025   2 04/28/2025 Books